Практическое китаеведение: базовый учебник

التفاصيل البيبلوغرافية
المؤلف الرئيسي: Девятов А. П. Андрей Петрович
الملخص:Вашему вниманию предлагается учебник «Практическое китаеведение», составленный на основе опыта разведки и предпринимательства. Советский полковник ГРУ, тридцать пять лет профессионально изучавший Китай, 17 лет проживший в КНР и изгнанный оттуда за «деятельность, несовместимую со статусом», реконструирует устои китайской мысли и дает метод расчета китайской «формулы успеха». Демонстрируя уникальность китайского опыта, автор выводит уроки для России. Рекомендовано в качестве базового учебника для повышения квалификации специалистов-регионоведов и представителей деловых и политических кругов.
اللغة:الروسية
منشور في: Москва, Восточная книга, 2007
سلاسل:Союз военных китаеведов
الموضوعات:
التنسيق: MixedMaterials كتاب
KOHA link:https://koha.lib.tpu.ru/cgi-bin/koha/opac-detail.pl?biblionumber=139671

MARC

LEADER 00000nam0a2200000 4500
001 139671
005 20231101220817.0
010 |a 9785787303964 
035 |a (RuTPU)RU\TPU\book\151303 
090 |a 139671 
100 |a 20080610d2007 m y0rusy50 ca 
101 0 |a rus 
102 |a RU 
105 |a a j 001zy 
200 1 |a Практическое китаеведение  |e базовый учебник  |f А. П. Девятов 
210 |a Москва  |c Восточная книга  |d 2007 
215 |a 544 с.  |c ил. 
225 1 |a Союз военных китаеведов 
320 |a Список литературы: с. 540-542. 
330 |a Вашему вниманию предлагается учебник «Практическое китаеведение», составленный на основе опыта разведки и предпринимательства. Советский полковник ГРУ, тридцать пять лет профессионально изучавший Китай, 17 лет проживший в КНР и изгнанный оттуда за «деятельность, несовместимую со статусом», реконструирует устои китайской мысли и дает метод расчета китайской «формулы успеха». Демонстрируя уникальность китайского опыта, автор выводит уроки для России. Рекомендовано в качестве базового учебника для повышения квалификации специалистов-регионоведов и представителей деловых и политических кругов. 
606 1 |a Китай  |x Внутренняя политика  |2 stltpush  |3 (RuTPU)RU\TPU\subj\68787  |9 83938 
610 1 |a политика 
610 1 |a экономика 
610 1 |a китаеведение 
610 1 |a демократия 
610 1 |a бюрократия 
610 1 |a идеология 
610 1 |a письмо 
610 1 |a мышление 
610 1 |a китайцы 
610 1 |a китайское чудо 
610 1 |a доктрина перемен 
610 1 |a глобализация 
610 1 |a международные отношения 
610 1 |a российско-китайские отношения 
610 1 |a 20 век 
610 1 |a 21 век 
686 |a Ф3(5Кит)  |v LBC/SL-A  |2 rubbk 
686 |a У9(5Кит)  |v LBC/SL-A  |2 rubbk 
700 1 |a Девятов  |b А. П.  |g Андрей Петрович 
801 1 |a RU  |b 63413507  |c 20080610  |g PSBO 
801 2 |a RU  |b 63413507  |c 20140204  |g PSBO 
942 |c BK 
959 |a 65/20080529  |d 1  |e 224,00  |f ЧЗГЛ:1